000 00609nam a2200217 i 4500
001 bg
100 1 _aWOJCIECHOWSKA, Barbara
245 1 0 _aĆwiczenia z FrontPage 2000 /
_cBarbara Wojciechowska.
260 _aWarszawa :
_b"Mikom",
_c2001.
300 _a112 s. :
_bil. ;
_c24 cm +
_edyskietka.
500 _aTyt. okł. i grzbiet.: Ćwiczenia z... FrontPage 2000.
650 9 _aFrontPage
655 _aPodręczniki
020 _a8372791694
040 _cBPK
041 0 _apl
080 _a004.42:004.738.52](07)
920 _a83-7279-169-4
942 _cKS
008 s pl f |000 0 pol
999 _c40753
_d40753
856 _uhttp://koha.tu.koszalin.pl/cgi-bin/koha/opac-detail.pl?biblionumber=40753
_yKatalog online BPK